000
00302nam a2200109Ia 4500
005
20260326235444.0
008
260326s9999||||xx |||||||||||||| ||und||
100
_a
Museo Nacional de Arte Occidental de Tokio
245
0
_a
Rodin /
_c
Museo Nacional de Arte Occidental de Tokio
650
_a
ARTE
942
_c
BK
999
_c
7535
_d
7535